000 00462nam a2200193Ia 4500
005 20251020182534.0
008 200515s9999 xx 000 0 und d
082 _a72.012/F98
100 _aFUSCO, Renato de
245 0 _aHistoria de la arquitectura contemporánea
260 _aMadrid
260 _c1996
500 _a1 ejemplar
650 _aARQUITECTURA
650 _aART NOUVEAU
650 _aESTILOS ARQUITECTONICOS
650 _aLIB
942 _cLIB
999 _c2161
_d2161